Výzva současnosti - zaměstnavatelnost

Problematika zamestnávateľnosti. Pojem zamestnávateľnosť, jeho charakteristika a použitie. Hlavné faktory ovplyvňujúce zamestnávateľnosť. Charakteristiky zamestnávateľnosti. Zmeny socioekonomického prostredia a konkurencieschopnosť organizácií.

Saved in:
Bibliographic Details
Main Author: Kirovová, Iva
Format: Book Chapter
Language:Czech
Subjects:
Tags: Add Tag
No Tags, Be the first to tag this record!

MARC

LEADER 00000naa$a2200000$$$4500
001 0056667
005 20230426100530.5
041 0 |a cze 
044 |a CZ 
245 1 0 |a Výzva současnosti - zaměstnavatelnost  |c Iva Kirovová 
520 |a Problematika zamestnávateľnosti. Pojem zamestnávateľnosť, jeho charakteristika a použitie. Hlavné faktory ovplyvňujúce zamestnávateľnosť. Charakteristiky zamestnávateľnosti. Zmeny socioekonomického prostredia a konkurencieschopnosť organizácií. 
610 2 0 |a trh práce 
610 2 0 |a zamestnanosť 
610 2 0 |a nezamestnanosť 
610 2 0 |a miesta pracovné voľné 
610 2 0 |a prostredie ekonomické 
610 2 0 |a firmy 
610 2 0 |a konkurencieschopnosť 
610 2 0 |a motivácia pracovná 
100 1 |a Kirovová, Iva